[Event "Heroes Day Cup, Masters Section"]
[Site "Bridgetown Chess Center"]
[Date "2009.04.29"]
[Round "4"]
[White "Paikidze, Nazi"]
[Black "Zapata, Alonso"]
[Result "0-1"]
[WhiteElo "2310"]
[BlackElo "2514"]
[PlyCount "132"]
[EventDate "2009.04.27"]
[EventType "swiss"]
[EventRounds "9"]
[EventCountry "BAR"]
[SourceDate "2009.04.27"]

1. e4 c5 2. b3 d6 3. Bb2 Nf6 4. Nc3 Nc6 5. Bb5 Bd7 6. f4 a6 7. Bxc6 Bxc6 8. Qe2
e6 9. Nf3 Be7 10. d4 cxd4 11. Nxd4 Rc8 12. O-O-O Qa5 13. Kb1 b5 14. Nd5 exd5
15. exd5 Bxd5 16. Nf5 Be4 17. Bxf6 Rxc2 18. Nxd6+ Kf8 19. Bxe7+ Kg8 20. Qxc2
Bxc2+ 21. Kxc2 Qxa2+ 22. Kc3 h6 23. Rd3 Kh7 24. Rhd1 b4+ 25. Kxb4 Rb8+ 26. Kc4
Qxg2 27. Kc3 Qa2 28. Nc4 Rxb3+ 29. Kd4 Qf2+ 30. Ke4 Qe2+ 31. Ne3 f5+ 32. Kd4
Qb2+ 33. Kc4 Rb7 34. Nd5 Qc2+ 35. Kd4 Qe2 36. Bd6 Qb2+ 37. Ke3 Qxh2 38. Be5
Qg3+ 39. Ke2 Qg2+ 40. Ke3 g5 41. R1d2 Qg1+ 42. Ke2 Rb1 43. Rd1 Qg2+ 44. Ke3
Rxd1 45. Rxd1 g4 46. Nf6+ Kg6 47. Rd6 Qf3+ 48. Kd4 Qd1+ 49. Kc5 Qc2+ 50. Kb6
Qb3+ 51. Kc7 g3 52. Bd4 g2 53. Kd8 Qb4 54. Ne8+ Kh5 55. Nf6+ Kh4 56. Bf2+ Kh3
57. Rd3+ Kh2 58. Rd1 Qxf4 59. Bg1+ Kh3 60. Nd5 Qf1 61. Ne3 Qe2 62. Rd6 h5 63.
Rg6 f4 64. Nd5 Qe5 65. Nf6 Qe1 66. Nxh5 Qd1+ 0-1

[Event "Heroes Day Cup, Masters Section"]
[Site "Bridgetown Chess Center"]
[Date "2009.05.01"]
[Round "5"]
[White "Harper, Ryan"]
[Black "Hammar, Bengt"]
[Result "1-0"]
[WhiteElo "2206"]
[BlackElo "2323"]
[PlyCount "37"]
[EventDate "2009.04.27"]
[EventType "swiss"]
[EventRounds "9"]
[EventCountry "BAR"]
[SourceDate "2009.04.27"]

1. e4 c5 2. Nf3 d6 3. d4 cxd4 4. Nxd4 Nf6 5. Nc3 a6 6. f3 e6 7. Be3 Nbd7 8. Qd2
b5 9. g4 h6 10. h4 Bb7 11. Rh3 g6 12. g5 hxg5 13. hxg5 Nh5 14. a3 Qc7 15. O-O-O
O-O-O 16. Ndxb5 axb5 17. Nxb5 Qb8 18. Na7+ Kc7 19. Qa5+ 1-0

[Event "Heroes Day Cup, Masters Section"]
[Site "Bridgetown Chess Center"]
[Date "2009.05.01"]
[Round "5"]
[White "Pitterson, Jomo"]
[Black "Moran Nuque, Augusto"]
[Result "1/2-1/2"]
[WhiteElo "2242"]
[BlackElo "2393"]
[PlyCount "39"]
[EventDate "2009.04.27"]
[EventType "swiss"]
[EventRounds "9"]
[EventCountry "BAR"]
[SourceDate "2009.04.27"]

1. d4 d6 2. c4 e5 3. Nc3 exd4 4. Qxd4 Nc6 5. Qd2 Nf6 6. b3 g6 7. Bb2 Bg7 8. g3
O-O 9. Bg2 a5 10. Nh3 Re8 11. O-O Bxh3 12. Bxh3 Ne4 13. Nxe4 Rxe4 14. Bg2 Re8
15. Rfd1 Qe7 16. Bxg7 Kxg7 17. e3 f6 18. Rac1 Ne5 19. Qc3 c6 20. h3 1/2-1/2

[Event "Heroes Day Cup, Masters Section"]
[Site "Bridgetown Chess Center"]
[Date "2009.05.01"]
[Round "5"]
[White "Zapata, Alonso"]
[Black "Denny, Kevin"]
[Result "1-0"]
[WhiteElo "2514"]
[BlackElo "2354"]
[PlyCount "80"]
[EventDate "2009.04.27"]
[EventType "swiss"]
[EventRounds "9"]
[EventCountry "BAR"]
[SourceDate "2009.04.27"]

1. e4 c5 2. Nf3 d6 3. d4 cxd4 4. Nxd4 Nf6 5. Nc3 g6 6. Be3 Bg7 7. f3 Nc6 8. Qd2
O-O 9. Bc4 Bd7 10. Bb3 Rc8 11. O-O-O Na5 12. Kb1 h5 13. Bh6 Nxb3 14. cxb3 Qa5
15. h3 b5 16. Bxg7 Kxg7 17. Ncxb5 Qxd2 18. Rxd2 e5 19. Nxd6 exd4 20. Nxc8 Bxc8
21. h4 Re8 22. Rxd4 Re5 23. Rc1 Be6 24. b4 Rb5 25. Rc7 a6 26. Rc6 g5 27. g3 g4
28. f4 Nxe4 29. Rxe4 Bf5 30. Rcc4 Rd5 31. Kc2 Rd6 32. a4 Bg6 33. Kc3 Rd1 34.
Re3 Ra1 35. Rc5 Rf1 36. Kb3 Rf2 37. b5 axb5 38. axb5 f6 39. b6 Rf3 40. Rcc3 Be4
1-0

[Event "Heroes Day Cup, Masters Section"]
[Site "Bridgetown Chess Center"]
[Date "2009.05.01"]
[Round "5"]
[White "Warner, Delisle"]
[Black "Farley, Terry"]
[Result "1-0"]
[WhiteElo "2209"]
[BlackElo "2242"]
[PlyCount "115"]
[EventDate "2009.04.27"]
[EventType "swiss"]
[EventRounds "9"]
[EventCountry "BAR"]
[SourceDate "2009.04.27"]

1. d4 Nf6 2. c4 g6 3. Nc3 Bg7 4. e4 d6 5. Nf3 O-O 6. Be2 e5 7. O-O Nbd7 8. Be3
Ng4 9. Bg5 f6 10. Bd2 c6 11. d5 Qe7 12. b4 f5 13. Ng5 Ndf6 14. exf5 gxf5 15. f3
Nh6 16. f4 exf4 17. Bxf4 Nfg4 18. Qd2 Qf6 19. Rac1 Qd4+ 20. Qxd4 Bxd4+ 21. Kh1
Nf2+ 22. Rxf2 Bxf2 23. Nh3 Ng4 24. Bxd6 Be3 25. Rf1 Re8 26. Bf3 Bd7 27. dxc6
bxc6 28. b5 Rac8 29. bxc6 Bxc6 30. Nd5 Kg7 31. Nc7 Rxc7 32. Bxc7 Be4 33. Bf4
Bd3 34. Re1 Bxc4 35. Bxg4 fxg4 36. Nf2 Bxf4 37. Rxe8 Bxa2 38. Re7+ Kg6 39. Rxa7
Be6 40. Ra6 Kf7 41. Ra4 Bb8 42. Nxg4 h5 43. Rb4 Bd6 44. Rb7+ Be7 45. Ne5+ Kf6
46. Nf3 Bg4 47. h3 Be6 48. h4 Bg4 49. Ng5 Bd8 50. g3 Kg6 51. Rb8 Bc7 52. Rg8+
Kf5 53. Kg2 Bb6 54. Nh3 Be3 55. Nf4 Ke4 56. Re8+ Kd4 57. Rh8 Ke4 58. Nxh5 1-0

[Event "Heroes Day Cup, Masters Section"]
[Site "Bridgetown Chess Center"]
[Date "2009.05.01"]
[Round "5"]
[White "Elliott, Warren"]
[Black "Uribe, Mauricio"]
[Result "0-1"]
[WhiteElo "2265"]
[BlackElo "2416"]
[PlyCount "90"]
[EventDate "2009.04.27"]
[EventType "swiss"]
[EventRounds "9"]
[EventCountry "BAR"]
[SourceDate "2009.04.27"]

1. e4 e6 2. d4 d5 3. Nc3 Bb4 4. e5 Qd7 5. Qg4 f5 6. Qg3 b6 7. Nh3 Ba6 8. Bxa6
Nxa6 9. O-O Bxc3 10. bxc3 O-O-O 11. a4 Nb8 12. a5 Ne7 13. axb6 cxb6 14. Qxg7
Nec6 15. Qxd7+ Kxd7 16. Ng5 Na5 17. Nf7 Nbc6 18. Rd1 Nc4 19. Rd3 a5 20. Rg3
Rhg8 21. Nxd8 Rxg3 22. fxg3 Kxd8 23. Kf2 Ke8 24. g4 Kf7 25. gxf5 exf5 26. Kg3
Nd8 27. Kh4 Kg6 28. Rb1 Ne6 29. h3 h5 30. Kg3 Nc7 31. Kf3 Ne6 32. Bf4 Nc7 33.
g4 hxg4+ 34. hxg4 a4 35. Ra1 a3 36. Rh1 fxg4+ 37. Kxg4 Nb5 38. Bg5 Nxc3 39. e6
Ne4 40. Rh6+ Kg7 41. e7 Ncd6 42. Bf4 a2 43. Rh1 Nf2+ 44. Kf3 Nxh1 45. Bxd6 Kf7
0-1

[Event "Heroes Day Cup, Masters Section"]
[Site "Bridgetown Chess Center"]
[Date "2009.05.01"]
[Round "5"]
[White "Buhmann, Rainer"]
[Black "Paikidze, Nazi"]
[Result "1-0"]
[WhiteElo "2582"]
[BlackElo "2310"]
[PlyCount "68"]
[EventDate "2009.04.27"]
[EventType "swiss"]
[EventRounds "9"]
[EventCountry "BAR"]
[SourceDate "2009.04.27"]

1. Nf3 d5 2. d4 Nf6 3. c4 c6 4. e3 Bg4 5. Nc3 e6 6. Qb3 Qb6 7. Nh4 Bh5 8. h3
Nbd7 9. g4 Bg6 10. g5 Ng8 11. Nxg6 hxg6 12. c5 Qc7 13. e4 e5 14. exd5 exd4 15.
d6 Qa5 16. Qxb7 Rb8 17. b4 Rxb7 18. bxa5 Nxc5 19. Bg2 Kd7 20. Ne2 Ne6 21. O-O
Rb8 22. f4 f5 23. gxf6 Nxf6 24. Rf3 c5 25. Rg3 Bxd6 26. Rxg6 Rh7 27. f5 Nf8 28.
Rg5 d3 29. Nc3 Be5 30. Bd2 Rb2 31. Rd1 c4 32. Ne4 Nxe4 33. Bxe4 Rxh3 34. f6
Bxf6 {Scoresheets Illegible} 1-0

[Event "Heroes Day Cup, Masters Section"]
[Site "Bridgetown Chess Center"]
[Date "2009.05.01"]
[Round "6"]
[White "Uribe, Mauricio"]
[Black "Paikidze, Nazi"]
[Result "1/2-1/2"]
[WhiteElo "2416"]
[BlackElo "2310"]
[PlyCount "41"]
[EventDate "2009.04.27"]
[EventType "swiss"]
[EventRounds "9"]
[EventCountry "BAR"]
[SourceDate "2009.04.27"]

1. e4 c5 2. Nf3 d6 3. d4 cxd4 4. Nxd4 Nf6 5. f3 e5 6. Bb5+ Bd7 7. Bxd7+ Qxd7 8.
Nf5 g6 9. Ne3 Nc6 10. Nc3 Be7 11. Ned5 Nxd5 12. Nxd5 O-O 13. Qd3 Rac8 14. Be3
b6 15. O-O-O Rfd8 16. Kb1 Na5 17. g3 Nc4 18. Bc1 b5 19. b3 Rb8 20. Bb2 Nxb2 21.
Kxb2 1/2-1/2

[Event "Heroes Day Cup, Masters Section"]
[Site "Bridgetown Chess Center"]
[Date "2009.05.01"]
[Round "6"]
[White "Harper, Ryan"]
[Black "Warner, Delisle"]
[Result "1-0"]
[WhiteElo "2206"]
[BlackElo "2209"]
[PlyCount "89"]
[EventDate "2009.04.27"]
[EventType "swiss"]
[EventRounds "9"]
[EventCountry "BAR"]
[SourceDate "2009.04.27"]

1. e4 e6 2. d4 d5 3. Nc3 Nf6 4. e5 Nfd7 5. f4 c5 6. Nf3 Nc6 7. Be3 cxd4 8. Nxd4
Bc5 9. Qd2 O-O 10. O-O-O a6 11. Qf2 Nxd4 12. Bxd4 Qe7 13. Bd3 Bxd4 14. Qxd4 b5
15. f5 exf5 16. Nxd5 Qxe5 17. Bxf5 Qd6 18. Qh4 Qh6+ 19. Qxh6 gxh6 20. Bxd7 Bxd7
21. Nf6+ Kg7 22. Nxd7 Rfe8 23. Rhe1 Rxe1 24. Rxe1 Rd8 25. Nc5 a5 26. Nd3 Kf6
27. Rf1+ Ke6 28. Rf4 Rg8 29. g3 Rg6 30. a4 b4 31. Rc4 Rg5 32. Rc6+ Kd5 33. Rxh6
Rg7 34. Rh5+ Ke4 35. Kd2 f5 36. Rh6 Kf3 37. Re6 h5 38. Rh6 Rg5 39. c3 bxc3+ 40.
bxc3 Kg2 41. Ke2 Kxh2 42. Kf2 Kh3 43. c4 Kg4 44. Ne5+ Kh3 45. Nf3 1-0

[Event "Heroes Day Cup, Masters Section"]
[Site "Bridgetown Chess Center"]
[Date "2009.05.01"]
[Round "6"]
[White "Elliott, Warren"]
[Black "Hammar, Bengt"]
[Result "1/2-1/2"]
[WhiteElo "2265"]
[BlackElo "2323"]
[PlyCount "39"]
[EventDate "2009.04.27"]
[EventType "swiss"]
[EventRounds "9"]
[EventCountry "BAR"]
[SourceDate "2009.04.27"]

1. d4 Nf6 2. Nf3 c5 3. c4 cxd4 4. Nxd4 e5 5. Nb5 d5 6. cxd5 Bc5 7. N5c3 O-O 8.
g3 Bf5 9. Bg2 e4 10. O-O Re8 11. Na3 Nbd7 12. Nc2 Nb6 13. Be3 Bf8 14. Bg5 h6
15. Bxf6 Qxf6 16. Ne3 Bg6 17. Qb3 Rad8 18. a4 a5 19. Rad1 Bb4 20. Nb5 1/2-1/2

[Event "Heroes Day Cup, Masters Section"]
[Site "Bridgetown Chess Center"]
[Date "2009.05.01"]
[Round "6"]
[White "Buhmann, Rainer"]
[Black "Zapata, Alonso"]
[Result "1-0"]
[WhiteElo "2582"]
[BlackElo "2514"]
[PlyCount "59"]
[EventDate "2009.04.27"]
[EventType "swiss"]
[EventRounds "9"]
[EventCountry "BAR"]
[SourceDate "2009.04.27"]

1. Nf3 Nf6 2. c4 d6 3. d4 Nbd7 4. Nc3 c6 5. e4 e5 6. Be2 g6 7. O-O Bg7 8. Re1
O-O 9. Bf1 exd4 10. Nxd4 Ng4 11. Qxg4 Bxd4 12. Qd1 Qf6 13. Be3 Bxe3 14. Rxe3
Ne5 15. f3 Be6 16. b3 Rad8 17. Kh1 a6 18. Qd2 b5 19. cxb5 axb5 20. Ree1 g5 21.
Rac1 Qg7 22. Nd1 f5 23. exf5 Bxf5 24. a4 bxa4 25. bxa4 d5 26. Nf2 Rd6 27. a5
Ra8 28. a6 Rh6 29. f4 Nd7 30. Rxc6 1-0

[Event "Heroes Day Cup, Masters Section"]
[Site "Bridgetown Chess Center"]
[Date "2009.05.01"]
[Round "6"]
[White "Moran Nuque, Augusto"]
[Black "Neubauer, Martin"]
[Result "1/2-1/2"]
[WhiteElo "2393"]
[BlackElo "2414"]
[PlyCount "79"]
[EventDate "2009.04.27"]
[EventType "swiss"]
[EventRounds "9"]
[EventCountry "BAR"]
[SourceDate "2009.04.27"]

1. c4 c5 2. g3 g6 3. Bg2 Bg7 4. Nc3 Nc6 5. a3 a6 6. Rb1 Rb8 7. b4 cxb4 8. axb4
b5 9. cxb5 axb5 10. Nf3 d5 11. d4 Bf5 12. Rb3 Nf6 13. Bf4 Rb6 14. O-O Ne4 15.
Ne5 O-O 16. Nxe4 Bxe4 17. Bxe4 dxe4 18. Nxc6 Rxc6 19. d5 Rc4 20. d6 exd6 21.
Qxd6 Qxd6 22. Bxd6 Rd8 23. Bc5 Bf8 24. Bxf8 Kxf8 25. Rb2 Rdc8 26. Rd1 Rc1 27.
Rxc1 Rxc1+ 28. Kg2 Ke7 29. f3 Ke6 30. fxe4 Rc4 31. Kf3 Ke5 32. Rd2 Rxb4 33. Rd7
Rb3+ 34. Kf2 Ke6 35. Rb7 h5 36. h4 b4 37. Rb6+ Ke5 38. Rb7 Ke6 39. Rb6+ Ke5 40.
Rb7 1/2-1/2

[Event "Heroes Day Cup, Masters Section"]
[Site "Bridgetown Chess Center"]
[Date "2009.05.01"]
[Round "6"]
[White "Denny, Kevin"]
[Black "Shabalov, Alexander"]
[Result "0-1"]
[WhiteElo "2354"]
[BlackElo "2569"]
[PlyCount "110"]
[EventDate "2009.04.27"]
[EventType "swiss"]
[EventRounds "9"]
[EventCountry "BAR"]
[SourceDate "2009.04.27"]

1. e4 c5 2. c3 d6 3. d4 Nf6 4. Bd3 g6 5. dxc5 dxc5 6. e5 Nh5 7. Bb5+ Nc6 8.
Qxd8+ Kxd8 9. Bxc6 bxc6 10. c4 Be6 11. Be3 Bxc4 12. g4 Ng7 13. Bxc5 h5 14. g5
Ne6 15. Be3 Bd5 16. f3 Bg7 17. Nc3 Bxe5 18. Nxd5 cxd5 19. O-O-O Nc7 20. Ne2 e6
21. Nd4 Kd7 22. f4 Bxd4 23. Bxd4 Rhc8 24. Kb1 Nb5 25. Be5 Nd6 26. Rhe1 a5 27.
Rd3 a4 28. Bxd6 Kxd6 29. Rd4 a3 30. Re3 axb2 31. Kxb2 Rc6 32. Rb3 Rac8 33. Ra4
R8c7 34. h3 Rc2+ 35. Ka3 Rf2 36. Ra6+ Ke7 37. Ra4 Rcc2 38. Ra7+ Kf8 39. Kb4
Rxa2 40. Rxa2 Rxa2 41. Kc5 Ra4 42. Rf3 Ke7 43. Kc6 Rc4+ 44. Kb6 h4 45. Kb5 Kd6
46. Kb6 d4 47. Ra3 Rc3 48. Ra4 Rb3+ 49. Ka7 Kd5 50. Ka8 Rxh3 51. Ra7 Rh1 52.
Rxf7 h3 53. Ra7 h2 54. Ra2 d3 55. Ka7 Kc4 0-1

[Event "Heroes Day Cup, Masters Section"]
[Site "Bridgetown Chess Center"]
[Date "2009.05.01"]
[Round "6"]
[White "Farley, Terry"]
[Black "Pitterson, Jomo"]
[Result "1/2-1/2"]
[WhiteElo "2242"]
[BlackElo "2242"]
[PlyCount "100"]
[EventDate "2009.04.27"]
[EventType "swiss"]
[EventRounds "9"]
[EventCountry "BAR"]
[SourceDate "2009.04.27"]

1. c4 g6 2. Nc3 Bg7 3. g3 d6 4. Bg2 c5 5. Nf3 Nc6 6. O-O e5 7. d3 Nge7 8. a3
O-O 9. Rb1 a5 10. Bg5 f6 11. Bd2 Be6 12. Ne1 Rb8 13. Nc2 d5 14. cxd5 Nxd5 15.
Ne4 Qe7 16. Ne3 Nxe3 17. Bxe3 Nd4 18. b4 axb4 19. axb4 cxb4 20. Bxd4 exd4 21.
Qa4 b3 22. Nd2 f5 23. Qb5 Rfc8 24. Nxb3 Qd7 25. Nc5 Qxb5 26. Rxb5 Bf7 27. Rfb1
Re8 28. Bf3 Re7 29. Rxb7 Rbxb7 30. Nxb7 Be5 31. Na5 Be8 32. Nc4 Bc7 33. Rb7 Kg7
34. e3 dxe3 35. Nxe3 Bd6 36. Rxe7+ Bxe7 37. Kf1 Bb5 38. Ke2 Bd6 39. Kd2 f4 40.
Nc2 fxg3 41. hxg3 h5 42. Kc3 Be8 43. Ne3 Be7 44. d4 h4 45. Nd5 Bd8 46. Nf4 Ba5+
47. Kd3 g5 48. Ne6+ Kf6 49. Nxg5 Kxg5 50. gxh4+ Kxh4 1/2-1/2

[Event "Heroes Day Cup, Masters Section"]
[Site "Bridgetown Chess Center"]
[Date "2009.05.02"]
[Round "7"]
[White "Neubauer, Martin"]
[Black "Buhmann, Rainer"]
[Result "1/2-1/2"]
[WhiteElo "2414"]
[BlackElo "2582"]
[PlyCount "42"]
[EventDate "2009.04.27"]
[EventType "swiss"]
[EventRounds "9"]
[EventCountry "BAR"]
[SourceDate "2009.04.27"]

1. e4 e5 2. Nf3 Nc6 3. Bc4 Bc5 4. c3 Nf6 5. d4 exd4 6. cxd4 Bb4+ 7. Bd2 Bxd2+
8. Nbxd2 d5 9. exd5 Nxd5 10. Qb3 Na5 11. Qa4+ Nc6 12. Qb3 Nce7 13. O-O O-O 14.
Rfe1 c6 15. a4 Qb6 16. a5 Qxb3 17. Bxb3 Rd8 18. Ne5 Kf8 19. Rad1 f6 20. Nd3 b6
21. Ra1 Bf5 1/2-1/2

[Event "Heroes Day Cup, Masters Section"]
[Site "Bridgetown Chess Center"]
[Date "2009.05.02"]
[Round "7"]
[White "Paikidze, Nazi"]
[Black "Elliott, Warren"]
[Result "0-1"]
[WhiteElo "2310"]
[BlackElo "2265"]
[PlyCount "54"]
[EventDate "2009.04.27"]
[EventType "swiss"]
[EventRounds "9"]
[EventCountry "BAR"]
[SourceDate "2009.04.27"]

1. e4 c5 2. Nf3 Nc6 3. d4 cxd4 4. Nxd4 Nf6 5. Nc3 e5 6. Ndb5 d6 7. Bg5 a6 8.
Na3 b5 9. Nd5 Be7 10. Bxf6 Bxf6 11. c4 Nd4 12. cxb5 Bb7 13. b6 Bxd5 14. exd5
Qxb6 15. Bd3 Qa5+ 16. Qd2 Qxd5 17. O-O O-O 18. Qe3 Qe6 19. Rae1 d5 20. f3 g6
21. Nb1 Rab8 22. b3 Rfc8 23. Rf2 Bg7 24. h4 Rc6 25. Qd2 Rbc8 26. Qa5 Bh6 27.
Kf1 Bf4 0-1

[Event "Heroes Day Cup, Masters Section"]
[Site "Bridgetown Chess Center"]
[Date "2009.05.02"]
[Round "7"]
[White "Pitterson, Jomo"]
[Black "Hammar, Bengt"]
[Result "1/2-1/2"]
[WhiteElo "2242"]
[BlackElo "2323"]
[PlyCount "87"]
[EventDate "2009.04.27"]
[EventType "swiss"]
[EventRounds "9"]
[EventCountry "BAR"]
[SourceDate "2009.04.27"]

1. d4 d5 2. Nf3 Nf6 3. c4 e6 4. g3 Be7 5. Bg2 O-O 6. O-O c6 7. Qc2 b6 8. Nbd2
Bb7 9. e4 dxe4 10. Nxe4 Nxe4 11. Qxe4 Nd7 12. Rd1 Qc8 13. Ne5 Nxe5 14. dxe5 Rb8
15. Qg4 Kh8 16. Bg5 Qc7 17. Bxe7 Qxe7 18. Rd6 Rbd8 19. Rad1 Rxd6 20. Rxd6 c5
21. Qd1 Bxg2 22. Kxg2 Qb7+ 23. Qf3 Qxf3+ 24. Kxf3 Kg8 25. Rd7 Ra8 26. Ke4 Kf8
27. f4 Ke8 28. Rb7 Rd8 29. Rxa7 Rd4+ 30. Ke3 Rxc4 31. Rb7 Rb4 32. b3 c4 33.
bxc4 Rxc4 34. Rxb6 Rc2 35. a4 Rxh2 36. Kd4 Ra2 37. Rb4 Kd7 38. Kc5 Kc7 39. Kb5
h5 40. Rb3 g5 41. Rc3+ Kb7 42. Rd3 Kc7 43. Rc3+ Kb7 44. Rd3 1/2-1/2

[Event "Heroes Day Cup, Masters Section"]
[Site "Bridgetown Chess Center"]
[Date "2009.05.02"]
[Round "7"]
[White "Warner, Delisle"]
[Black "Denny, Kevin"]
[Result "1-0"]
[WhiteElo "2209"]
[BlackElo "2354"]
[PlyCount "95"]
[EventDate "2009.04.27"]
[EventType "swiss"]
[EventRounds "9"]
[EventCountry "BAR"]
[SourceDate "2009.04.27"]

1. d4 Nf6 2. Nf3 g6 3. Nc3 d5 4. Bf4 Bg7 5. e3 O-O 6. Be2 c5 7. O-O cxd4 8.
exd4 Nc6 9. Ne5 Qb6 10. Nxc6 Qxc6 11. Be5 a6 12. Bf3 Be6 13. Ne2 b5 14. Nf4 b4
15. Re1 Rac8 16. Nxe6 Qxe6 17. a3 Qf5 18. Bxf6 Qxf6 19. axb4 Qxd4 20. Qxd4 Bxd4
21. c3 Bf6 22. Bxd5 Rcd8 23. Red1 Rd6 24. Bc4 Rfd8 25. Rxd6 Rxd6 26. Bxa6 Rd2
27. Rb1 e5 28. Kf1 e4 29. b5 Bd8 30. Ke1 Rc2 31. Bb7 Bb6 32. Bxe4 Rxf2 33. Bf3
g5 34. h3 h5 35. c4 g4 36. hxg4 hxg4 37. Bd5 g3 38. b4 Be3 39. Rb3 Bf4 40. b6
Kf8 41. c5 Ke7 42. c6 Rd2 43. Bxf7 Rc2 44. Bd5 Kd6 45. Bf3 Rc1+ 46. Ke2 Rc2+
47. Kd3 Rc1 48. c7 1-0

[Event "Heroes Day Cup, Masters Section"]
[Site "Bridgetown Chess Center"]
[Date "2009.05.02"]
[Round "7"]
[White "Farley, Terry"]
[Black "Harper, Ryan"]
[Result "0-1"]
[WhiteElo "2242"]
[BlackElo "2206"]
[PlyCount "50"]
[EventDate "2009.04.27"]
[EventType "swiss"]
[EventRounds "9"]
[EventCountry "BAR"]
[SourceDate "2009.04.27"]

1. c4 e5 2. Nc3 Nf6 3. e4 Bb4 4. d3 O-O 5. Nf3 c6 6. Bg5 d5 7. Nd2 dxc4 8. Nxc4
h6 9. Bd2 Qe7 10. Be2 Rd8 11. Qc2 Na6 12. O-O Bc5 13. a3 Nc7 14. b4 Bd4 15.
Rab1 Ne6 16. Na5 Nf4 17. Nb3 Bb6 18. Bxf4 exf4 19. Rbd1 Bg4 20. Bxg4 Nxg4 21.
d4 Qh4 22. h3 f3 23. Qd3 Ne5 24. Qe3 Rd6 25. Kh2 Ng4+ 0-1

[Event "Heroes Day Cup, Masters Section"]
[Site "Bridgetown Chess Center"]
[Date "2009.05.02"]
[Round "7"]
[White "Shabalov, Alexander"]
[Black "Moran Nuque, Augusto"]
[Result "1-0"]
[WhiteElo "2569"]
[BlackElo "2393"]
[PlyCount "75"]
[EventDate "2009.04.27"]
[EventType "swiss"]
[EventRounds "9"]
[EventCountry "BAR"]
[SourceDate "2009.04.27"]

1. e4 e6 2. d4 d5 3. Nc3 Bb4 4. e5 Qd7 5. a3 Bxc3+ 6. bxc3 b6 7. a4 Ba6 8. Bxa6
Nxa6 9. Qd3 Nb8 10. Qg3 f5 11. a5 Nc6 12. axb6 cxb6 13. Ne2 Kf7 14. h4 Nge7 15.
Nf4 Rhc8 16. Nh5 Rg8 17. Rh3 Rac8 18. Qf3 Ng6 19. g4 Ncxe5 20. dxe5 Nxe5 21.
Qg3 Nxg4 22. f3 Nf6 23. Nf4 e5 24. Nd3 Rge8 25. Rh2 f4 26. Qh3 Qc7 27. Kd1 e4
28. Bxf4 Qxc3 29. Rxa7+ Kg8 30. Be5 Rxe5 31. Nxe5 Qd4+ 32. Kc1 Qg1+ 33. Kb2
Qd4+ 34. Ka2 Re8 35. f4 e3 36. Rg2 Rxe5 37. Rgxg7+ Kh8 38. Rxh7+ 1-0

[Event "Heroes Day Cup, Masters Section"]
[Site "Bridgetown Chess Center"]
[Date "2009.05.02"]
[Round "8"]
[White "Denny, Kevin"]
[Black "Farley, Terry"]
[Result "1-0"]
[WhiteElo "2354"]
[BlackElo "2242"]
[PlyCount "45"]
[EventDate "2009.04.27"]
[EventType "swiss"]
[EventRounds "9"]
[EventCountry "BAR"]
[SourceDate "2009.04.27"]

1. e4 c5 2. c3 Nf6 3. e5 Nd5 4. d4 cxd4 5. Nf3 d6 6. cxd4 Nc6 7. Bc4 Nb6 8. Bb5
Bd7 9. Nc3 dxe5 10. d5 Nb4 11. Nxe5 Bxb5 12. Nxb5 Rc8 13. O-O Qxd5 14. Nxa7 Rc2
15. Be3 Qxe5 16. Bxb6 Qd6 17. a3 Rd2 18. Qxd2 Qxd2 19. Rfd1 Qd6 20. Rxd6 exd6
21. axb4 Kd7 22. Rc1 Be7 23. Rc7+ 1-0

[Event "Heroes Day Cup, Masters Section"]
[Site "Bridgetown Chess Center"]
[Date "2009.05.02"]
[Round "8"]
[White "Hammar, Bengt"]
[Black "Paikidze, Nazi"]
[Result "1-0"]
[WhiteElo "2323"]
[BlackElo "2310"]
[PlyCount "73"]
[EventDate "2009.04.27"]
[EventType "swiss"]
[EventRounds "9"]
[EventCountry "BAR"]
[SourceDate "2009.04.27"]

1. e4 c5 2. Nf3 d6 3. d4 cxd4 4. Nxd4 Nf6 5. Nc3 a6 6. Be2 e5 7. Nb3 Be7 8. O-O
O-O 9. a4 Be6 10. f4 Qc7 11. Kh1 Nbd7 12. a5 Rac8 13. Be3 exf4 14. Rxf4 Nc5 15.
Nd4 d5 16. exd5 Bxd5 17. Rxf6 Bxg2+ 18. Kxg2 Bxf6 19. Nd5 Qe5 20. Nxf6+ Qxf6
21. Bf3 Rfe8 22. Bg1 Rcd8 23. c3 Re5 24. Kh1 Ne4 25. Qd3 Nc5 26. Qf1 Qg6 27.
Qg2 Rg5 28. Qe2 Nd3 29. Qd2 Ne5 30. Bxb7 Rh5 31. b4 Rh3 32. Re1 f6 33. b5 axb5
34. a6 Qf7 35. Qg2 Nd3 36. Qxh3 Nxe1 37. Qe6 1-0

[Event "Heroes Day Cup, Masters Section"]
[Site "Bridgetown Chess Center"]
[Date "2009.05.02"]
[Round "8"]
[White "Buhmann, Rainer"]
[Black "Warner, Delisle"]
[Result "1/2-1/2"]
[WhiteElo "2582"]
[BlackElo "2209"]
[PlyCount "139"]
[EventDate "2009.04.27"]
[EventType "swiss"]
[EventRounds "9"]
[EventCountry "BAR"]
[SourceDate "2009.04.27"]

1. Nf3 d5 2. d4 Nf6 3. c4 c6 4. Nc3 a6 5. a4 e6 6. g3 dxc4 7. Bg2 c5 8. dxc5
Qxd1+ 9. Nxd1 Nc6 10. Be3 Nd5 11. O-O Bd7 12. Nd2 Rc8 13. Rc1 Na5 14. Nxc4 Nb3
15. Rc2 Na1 16. Rd2 Nb3 17. Rc2 Na1 18. Rc3 Nxc3 19. Nxc3 Nc2 20. Ne4 Nxe3 21.
fxe3 Bxc5 22. Ncd6+ Bxd6 23. Nxd6+ Ke7 24. Nxc8+ Rxc8 25. Bxb7 Rb8 26. Bxa6
Bxa4 27. Rf4 Bd7 28. b4 e5 29. Re4 Kd6 30. Rh4 h6 31. b5 Bxb5 32. Rb4 Kc5 33.
Rb1 Rb6 34. Bxb5 Rxb5 35. Rd1 Kc6 36. Rd8 h5 37. Kg2 Rd5 38. Rg8 g6 39. Rf8 Rd7
40. Kf3 Kd6 41. Re8 Re7 42. Ra8 Rd7 43. Ke4 f5+ 44. Kf3 Ke6 45. e4 fxe4+ 46.
Kxe4 Rd4+ 47. Kf3 Rb4 48. h3 Rc4 49. e3 Rb4 50. g4 hxg4+ 51. hxg4 Rc4 52. Ra6+
Kf7 53. g5 Rh4 54. Rf6+ Ke7 55. Rxg6 Rh3+ 56. Kf2 e4 57. Rf6 Rh5 58. Rf5 Ke6
59. Ra5 Rh3 60. Ra6+ Kf5 61. Ra5+ Ke6 62. Rb5 Rf3+ 63. Ke2 Rg3 64. Kd2 Rg1 65.
Kc3 Rd1 66. Kc4 Rd3 67. Rb8 Kf5 68. Rb5+ Kg6 69. Re5 Rxe3 70. Kd4 1/2-1/2

[Event "Heroes Day Cup, Masters Section"]
[Site "Bridgetown Chess Center"]
[Date "2009.05.02"]
[Round "8"]
[White "Harper, Ryan"]
[Black "Shabalov, Alexander"]
[Result "0-1"]
[WhiteElo "2206"]
[BlackElo "2569"]
[PlyCount "66"]
[EventDate "2009.04.27"]
[EventType "swiss"]
[EventRounds "9"]
[EventCountry "BAR"]
[SourceDate "2009.04.27"]

1. e4 c5 2. Nf3 d6 3. d4 cxd4 4. Nxd4 Nf6 5. Nc3 a6 6. f3 g6 7. Be3 h5 8. Qd2
Bg7 9. O-O-O b5 10. Nb3 Nbd7 11. Bd4 Bb7 12. Kb1 Rc8 13. Qf2 O-O 14. h3 e5 15.
Be3 b4 16. Na4 d5 17. exd5 Nxd5 18. Bc5 Nxc5 19. Nbxc5 Qe7 20. Bc4 Nf6 21. Nxb7
Rxc4 22. Qe2 Rc6 23. Na5 Re6 24. Nb3 Rc8 25. Rhe1 h4 26. Qd3 e4 27. fxe4 Nxe4
28. Re2 Re8 29. Qd5 Kh7 30. Qd3 Qg5 31. Nd4 Bxd4 32. Qxd4 Qb5 33. Rf1 Qxe2 0-1